How building pathology affects you (Record no. 74640)
[ view plain ]
| 000 -LEADER | |
|---|---|
| fixed length control field | 01140cab a2200217 4500 |
| 001 - CONTROL NUMBER | |
| control field | ABS68402 |
| 008 - FIXED-LENGTH DATA ELEMENTS--GENERAL INFORMATION | |
| fixed length control field | 041126n2004 000 0 eng u |
| 035 ## - SYSTEM CONTROL NUMBER | |
| System control number | (Sirsi) u128163 |
| 100 ## - MAIN ENTRY--PERSONAL NAME | |
| Personal name | Mahoney, C. |
| 245 ## - TITLE STATEMENT | |
| Title | How building pathology affects you |
| 260 ## - PUBLICATION, DISTRIBUTION, ETC. | |
| Date of publication, distribution, etc. | 2004 |
| 490 ## - SERIES STATEMENT | |
| Series statement | RICS Building Surveying Faculty: The Journal |
| Volume/sequential designation | (12) November 2004, 8-9(2) |
| 520 ## - SUMMARY, ETC. | |
| Summary, etc. | Looks at the way in which certain building defects may impact on the working lives of building surveyors. Highlights the work of the RICS Building Pathology Working Group, which meets frequently to evaluate current issues of building defects and forms of construction. Examines the emerging topic of recycling building materials. Also discusses how many recycled materials can be used as forms of insulation. Invites building surveyors to submit emerging problems to the working group by contacting Chris Mahoney at [email protected]. |
| 590 ## - LOCAL NOTE (RLIN) | |
| Local note | ABS |
| 650 ## - SUBJECT ADDED ENTRY--TOPICAL TERM | |
| Topical term or geographic name entry element | BUILDING PATHOLOGY |
| 650 ## - SUBJECT ADDED ENTRY--TOPICAL TERM | |
| Topical term or geographic name entry element | BUILDING DEFECTS |
| 650 ## - SUBJECT ADDED ENTRY--TOPICAL TERM | |
| Topical term or geographic name entry element | RECYCLING OF BUILDING MATERIALS |
| 650 ## - SUBJECT ADDED ENTRY--TOPICAL TERM | |
| Topical term or geographic name entry element | INSULATION |
| 690 ## - LOCAL SUBJECT ADDED ENTRY--TOPICAL TERM (OCLC, RLIN) | |
| Topical term or geographic name as entry element | BUILT ENVIRONMENT-BUILDING PATHOLOGY |
| 942 ## - ADDED ENTRY ELEMENTS (KOHA) | |
| Suppress in OPAC | 0 |
| Withdrawn status | Lost status | Source of classification or shelving scheme | Damaged status | Not for loan | Home library | Current library | Shelving location | Date acquired | Total Checkouts | Full call number | Barcode | Date last seen | Copy number | Price effective from | Koha item type |
|---|---|---|---|---|---|---|---|---|---|---|---|---|---|---|---|
| Dewey Decimal Classification | London | London | Journal article | 26/11/2004 | ABS68402 | 128163-1001 | 06/08/2019 | 1 | 06/08/2019 | Journal article |